[Event "4.Nord-West-Cup"]
[Site "?"]
[Date "2002.??.??"]
[Round "2"]
[White "Fehsenfeld, Frithjof"]
[Black "Jenisch, Achim"]
[Result "1-0"]
[WhiteElo "1881"]
[BlackElo "1601"]
[PlyCount "59"]

1. d4 Nf6 2. c4 e6 3. Nf3 d5 4. Nc3 Nbd7 5. Bg5 Be7 6. e3 O-O 7. Bd3 dxc4 8.
Bxc4 c6 9. O-O Nd5 10. Bxe7 Qxe7 11. e4 Nxc3 12. bxc3 e5 13. Qd3 Rd8 14. Rfe1
Kh8 15. Rad1 f6 16. dxe5 fxe5 17. Rd2 Rf8 18. Qd6 Qxd6 19. Rxd6 h6 20. Red1 Nb6
21. Bb3 Bg4 22. Nxe5 Bxd1 23. Ng6+ Kh7 24. Nxf8+ Rxf8 25. Rxd1 Kg6 26. Rd6+ Kg5
27. f3 Re8 28. g3 Re7 29. Kg2 Rd7 30. f4+ 1-0

[Event "4.Nord-West-Cup"]
[Site "?"]
[Date "2002.??.??"]
[Round "2"]
[White "Reininga, Jannes"]
[Black "Mader, Sascha"]
[Result "0-1"]
[WhiteElo "1562"]
[BlackElo "1881"]
[PlyCount "68"]

1. d4 d5 2. c4 e6 3. Nc3 c6 4. e3 f5 5. Nf3 Nf6 6. Be2 Bd6 7. O-O O-O 8. a3 Ne4
9. Nxe4 fxe4 10. Nd2 Nd7 11. f3 Qh4 12. f4 Nf6 13. Qe1 Qh6 14. Qg3 Bd7 15. Qg5
Qxg5 16. fxg5 Ne8 17. Rxf8+ Kxf8 18. g3 e5 19. c5 Bc7 20. Nb3 g6 21. Bd2 Bh3
22. Bc3 Ng7 23. g4 Ne6 24. Kf2 Ke7 25. dxe5 Nxg5 26. Kg3 Rh8 27. Na5 h5 28.
gxh5 Bc8 29. h4 Nf7 30. Bg4 Bxg4 31. Kxg4 Rxh5 32. Nxb7 Nxe5+ 33. Bxe5 Bxe5 34.
Rb1 Bf6 0-1

[Event "4.Nord-West-Cup"]
[Site "?"]
[Date "2002.??.??"]
[Round "2"]
[White "Juergens, Bernhard"]
[Black "Schippl, Thomas"]
[Result "1-0"]
[WhiteElo "1849"]
[BlackElo "1595"]
[PlyCount "135"]

1. e4 c5 2. Nc3 Nc6 3. g3 Nf6 4. Bg2 d6 5. d3 Bg4 6. Nce2 e6 7. h3 Bxe2 8. Nxe2
Be7 9. O-O O-O 10. f4 Qc7 11. Be3 Rad8 12. g4 d5 13. e5 Ne8 14. Ng3 f6 15. exf6
Nxf6 16. g5 Ne8 17. Qg4 Qd7 18. Rae1 g6 19. h4 Ng7 20. h5 Rf7 21. h6 Nf5 22.
Nxf5 exf5 23. Qd1 d4 24. Bd2 Rff8 25. Bxc6 bxc6 26. Qe2 Bd6 27. Qe6+ Qf7 28.
Ba5 Rd7 29. Bd2 Kh8 30. Qxf7 Rdxf7 31. Re6 Rd7 32. Rfe1 Kg8 33. Kf2 Kf7 34.
Rf6+ Kg8 35. Ree6 Rxf6 36. Rxf6 a6 37. Ke2 Rd8 38. Kd1 Rd7 39. Kc1 Rd8 40. a3
Rd7 41. Kb1 Rd8 42. Ka2 Rd7 43. Kb3 Be7 44. Rxc6 Rb7+ 45. Ka2 Ra7 46. Rc8+ Bf8
47. Ba5 Kf7 48. Bb6 Rb7 49. Bxc5 Bxc5 50. Rxc5 Rd7 51. Rc6 a5 52. Ra6 Rd5 53.
Ra7+ Kg8 54. Kb3 Rb5+ 55. Ka2 Rd5 56. a4 Rc5 57. Rg7+ Kh8 58. Rd7 Kg8 59. Kb3
Rc6 60. Rxd4 Rb6+ 61. Kc3 Rc6+ 62. Rc4 Re6 63. Rc8+ Kf7 64. Rc7+ Kg8 65. Rg7+
Kh8 66. Ra7 Rc6+ 67. Kd4 Rxc2 68. Ra8+ 1-0

[Event "4.Nord-West-Cup"]
[Site "?"]
[Date "2002.??.??"]
[Round "2"]
[White "Keck, Martin"]
[Black "Wirz, James"]
[Result "0-1"]
[WhiteElo "1555"]
[BlackElo "1843"]
[PlyCount "116"]

1. e4 e6 2. d4 d5 3. exd5 exd5 4. Nf3 Bd6 5. Nc3 Ne7 6. h3 Nbc6 7. Bd3 f6 8.
Nb5 Nb4 9. Nxd6+ Qxd6 10. Bb5+ c6 11. Ba4 Bf5 12. a3 Na6 13. O-O g5 14. Re1
O-O-O 15. Nh2 h5 16. f4 Be4 17. fxg5 fxg5 18. Bxg5 Rdg8 19. Qd2 Nf5 20. Bf4
Qxf4 21. Qxf4 Rxg2+ 22. Kf1 Ng3+ 23. Qxg3 Rf8+ 24. Qf3 Bxf3 25. Nxf3 Rg3 26.
Re3 Rfxf3+ 27. Rxf3 Rxf3+ 28. Kg2 Rf4 29. c3 Re4 30. Kf3 Nc7 31. Bc2 Re8 32.
Rg1 Ne6 33. Rg6 Kc7 34. Bf5 Rf8 35. Rxe6 Rxf5+ 36. Kg3 a5 37. Re7+ Kb6 38. Re5
Rf1 39. Rxh5 Rb1 40. Rf5 Rxb2 41. h4 Rb3 42. h5 Rxa3 43. h6 Rxc3+ 44. Rf3 Rc1
45. Kg2 Re1 46. Rg3 Re8 47. Kf2 Rh8 48. Rb3+ Ka6 49. Rh3 Kb5 50. Ke3 Kc4 51.
Rh4 Kc3 52. Ke2 b5 53. Kd1 a4 54. Kc1 b4 55. Kb1 Rf8 56. h7 Rf1+ 57. Ka2 b3+
58. Ka3 Ra1# 0-1

[Event "4.Nord-West-Cup"]
[Site "?"]
[Date "2002.??.??"]
[Round "2"]
[White "Nedkov, Petar"]
[Black "Strunski, Andreas"]
[Result "1-0"]
[WhiteElo "1836"]
[BlackElo "1570"]
[PlyCount "39"]

1. Nf3 Nf6 2. c4 g6 3. Nc3 Bg7 4. g3 O-O 5. Bg2 d6 6. d3 e5 7. h4 Nc6 8. Be3
Be6 9. Qd2 Ng4 10. h5 Nxe3 11. Qxe3 Nd4 12. Qd2 c5 13. hxg6 fxg6 14. Ng5 Qf6
15. Nce4 Qf5 16. Bh3 Qxh3 17. Nxh3 Bxh3 18. Rxh3 Rad8 19. O-O-O Rf7 20. f3 1-0

[Event "4.Nord-West-Cup"]
[Site "?"]
[Date "2002.??.??"]
[Round "2"]
[White "Meyer, Eric"]
[Black "Spittel, Olaf"]
[Result "0-1"]
[WhiteElo "1483"]
[BlackElo "1830"]
[PlyCount "48"]

1. e4 d6 2. d4 Nf6 3. Nd2 g6 4. c4 Bg7 5. Ngf3 O-O 6. Bd3 Nc6 7. a3 e5 8. d5
Ne7 9. O-O Nd7 10. Ne1 Nc5 11. Bb1 a5 12. Nb3 b6 13. Nd3 Nxe4 14. Nxe5 Nc5 15.
Nd3 Nf5 16. Ra2 Qh4 17. Nd2 Nd4 18. f4 Re8 19. Nf3 Nxf3+ 20. Qxf3 Bd4+ 21. Nf2
Bg4 22. Qg3 Qxg3 23. hxg3 Be2 24. Re1 Bxc4 0-1

[Event "4.Nord-West-Cup"]
[Site "?"]
[Date "2002.??.??"]
[Round "2"]
[White "Gorman, Stephen"]
[Black "Stindt, Rolf"]
[Result "1-0"]
[WhiteElo "1829"]
[BlackElo "1557"]
[PlyCount "81"]

1. Nf3 Nf6 2. c4 g6 3. Nc3 Bg7 4. g3 d6 5. Bg2 c6 6. O-O O-O 7. d4 Nbd7 8. e4
e6 9. h3 Rb8 10. Bf4 Ne8 11. Qd2 b5 12. c5 b4 13. Na4 Qa5 14. b3 e5 15. Bg5 f6
16. Be3 Kh8 17. Rac1 Ba6 18. Rfd1 Bb5 19. a3 Bxa4 20. axb4 Qxb4 21. bxa4 Qxd2
22. Rxd2 f5 23. exf5 gxf5 24. cxd6 e4 25. Ng5 Rf6 26. h4 h6 27. Nh3 Rb4 28.
Rxc6 Rxd6 29. Rc8 Ndf6 30. Bf1 a6 31. Bf4 Rdxd4 32. Rxd4 Rxd4 33. Be5 Rxa4 34.
Bxf6 Bxf6 35. Rxe8+ Kg7 36. Ra8 a5 37. Ra7+ Kf8 38. Nf4 Ra1 39. Kg2 a4 40. Bc4
a3 41. Rf7+ 1-0

[Event "4.Nord-West-Cup"]
[Site "?"]
[Date "2002.??.??"]
[Round "2"]
[White "Arora, Manuel"]
[Black "Boehme, Arne"]
[Result "0-1"]
[WhiteElo "1428"]
[BlackElo "1828"]
[PlyCount "42"]

1. d4 Nf6 2. c4 c5 3. d5 e6 4. Nc3 exd5 5. cxd5 d6 6. e4 g6 7. f4 Bg7 8. Nf3
O-O 9. Be2 Re8 10. e5 dxe5 11. fxe5 Ng4 12. Bg5 Qb6 13. Qd2 Nxe5 14. O-O-O Bd7
15. d6 Bc6 16. Nxe5 Bxe5 17. Bf3 Nd7 18. Bxc6 bxc6 19. Be7 Rab8 20. h4 Qb4 21.
h5 Bf4 0-1

[Event "4.Nord-West-Cup"]
[Site "?"]
[Date "2002.??.??"]
[Round "2"]
[White "Muders, Martin"]
[Black "van Hove, Ode"]
[Result "0-1"]
[WhiteElo "1820"]
[BlackElo "1485"]
[PlyCount "96"]

1. e4 e5 2. Nf3 f5 3. Nc3 fxe4 4. Nxe4 d5 5. Ng3 e4 6. Ne5 Nf6 7. d4 Bd6 8. Bg5
O-O 9. Qd2 Nbd7 10. Ng4 Qe8 11. Be2 Qg6 12. Ne5 Nxe5 13. dxe5 Bxe5 14. O-O-O c6
15. f3 exf3 16. gxf3 Bh3 17. Rhg1 Kh8 18. f4 Bc7 19. Bd3 Qf7 20. Qc3 Rae8 21.
Kb1 Bb6 22. Rge1 Re3 23. f5 Rxe1 24. Rxe1 Re8 25. Rxe8+ Nxe8 26. a4 Bg1 27. Be2
Bxf5 28. Qe5 Bg6 29. h4 Nf6 30. h5 Be4 31. h6 Bg6 32. Qb8+ Ng8 33. Bg4 Bxc2+
34. Kxc2 Qg6+ 35. Kb3 Qd3+ 36. Ka2 Qc4+ 37. Kb1 Qxg4 38. Qe5 Qd1+ 39. Bc1 Qd3+
40. Ka2 Qc4+ 41. Kb1 Qd3+ 42. Ka2 Qc4+ 43. b3 Qg4 44. hxg7+ Qxg7 45. Qe1 Bd4
46. Nf5 Qg2+ 47. Kb1 Qg6 48. Qf1 Ne7 0-1

[Event "4.Nord-West-Cup"]
[Site "?"]
[Date "2002.??.??"]
[Round "2"]
[White "Hurrle, Juergen"]
[Black "Frerichs, Manfred"]
[Result "1-0"]
[WhiteElo "1797"]
[BlackElo "1457"]
[PlyCount "141"]

1. e4 c5 2. Nf3 Nc6 3. d4 cxd4 4. Nxd4 Nf6 5. Nc3 e5 6. Nb3 Be7 7. Be2 d6 8.
Be3 Be6 9. O-O Qd7 10. f3 O-O 11. Qd2 d5 12. exd5 Nxd5 13. Nxd5 Qxd5 14. Qc1
Qd7 15. Rd1 Qc7 16. c3 Rfd8 17. Rxd8+ Rxd8 18. Qe1 Bf6 19. Qf2 b6 20. h4 Qe7
21. g3 h5 22. Nd2 Bf5 23. Re1 Nb8 24. Bc4 Be6 25. Bb3 Bxb3 26. axb3 Nd7 27. Ne4
Rc8 28. Rd1 Nc5 29. Bxc5 bxc5 30. Rd5 c4 31. b4 Rd8 32. Qd2 Rxd5 33. Qxd5 Qd8
34. Qxd8+ Bxd8 35. Nd2 Bb6+ 36. Kf1 f6 37. Nxc4 Bc7 38. Kf2 Kf7 39. Ne3 Bb6 40.
Ke2 Bxe3 41. Kxe3 Ke7 42. b5 Kd6 43. c4 Kc5 44. b3 g6 45. Ke4 Kd6 46. b4 f5+
47. Ke3 Ke6 48. Kd3 Kd6 49. c5+ Kc7 50. Kc4 f4 51. gxf4 exf4 52. Kd5 g5 53.
hxg5 h4 54. g6 h3 55. g7 h2 56. g8=Q h1=Q 57. Qf7+ Kc8 58. Qe6+ Kd8 59. Qf6+
Kc8 60. Qe6+ Kd8 61. Qd6+ Ke8 62. Qb8+ Kf7 63. Qxf4+ Kg6 64. Kc6 Qh8 65. Qd6+
Kf5 66. Qd7+ Ke5 67. Kb7 Qh4 68. c6 Qf2 69. c7 Qxf3+ 70. Kxa7 Qf2+ 71. b6 1-0

[Event "4.Nord-West-Cup"]
[Site "?"]
[Date "2002.??.??"]
[Round "2"]
[White "Merettig, Georg"]
[Black "Toth, Hans-Juergen"]
[Result "1-0"]
[WhiteElo "1779"]
[BlackElo "1427"]
[PlyCount "97"]

1. g3 e6 2. c4 Nf6 3. Bg2 Bc5 4. d4 Bb4+ 5. Nc3 c6 6. e4 O-O 7. e5 Ne8 8. a3
Be7 9. d5 d6 10. Nf3 dxe5 11. Nxe5 Bf6 12. dxc6 Qxd1+ 13. Nxd1 bxc6 14. Nxc6
Nxc6 15. Bxc6 Rb8 16. Rb1 Bb7 17. Bxb7 Rxb7 18. b4 Bd4 19. Ne3 Nd6 20. Ke2 Rc8
21. Nc2 Rxc4 22. Nxd4 Rxd4 23. Be3 Rd5 24. Rhd1 Ne4 25. Rbc1 h6 26. Rc8+ Kh7
27. Rxd5 exd5 28. Ra8 Nc3+ 29. Kd3 Nb5 30. a4 d4 31. Bd2 Nc7 32. Rd8 Ne6 33.
Rd5 Kg6 34. f4 f5 35. g4 Nxf4+ 36. Bxf4 Rxb4 37. gxf5+ Kf7 38. Rxd4 Rxd4+ 39.
Kxd4 h5 40. a5 a6 41. Be5 g5 42. fxg6+ Kxg6 43. Kc5 Kf5 44. Bg3 Ke6 45. Kb6 Kd7
46. Kxa6 Kc6 47. Ka7 Kb5 48. a6 Kc6 49. Kb8 1-0

[Event "4.Nord-West-Cup"]
[Site "?"]
[Date "2002.??.??"]
[Round "2"]
[White "Reinhard, Ralf-Peter"]
[Black "Weller, Friedhelm"]
[Result "0-1"]
[WhiteElo "1400"]
[BlackElo "1771"]
[PlyCount "71"]

1. Nf3 d5 2. g3 Nf6 3. Bg2 c5 4. O-O Bf5 5. d3 h6 6. Nbd2 e6 7. c4 Nc6 8. b3
Be7 9. Bb2 d4 10. a3 O-O 11. Ne1 Qd7 12. Nc2 Rab8 13. Nf3 e5 14. Re1 Bh3 15.
Bh1 Ng4 16. Bc1 f5 17. e3 Rbd8 18. exd4 cxd4 19. b4 Bf6 20. Rb1 Ne7 21. b5 Ng6
22. Nb4 f4 23. gxf4 Ne3 24. fxe3 dxe3 25. Bxe3 exf4 26. Bxa7 Qg4+ 27. Kf2 Bh4+
28. Nxh4 Qxh4+ 29. Kg1 Rf5 30. Rb2 Rg5+ 31. Rg2 Bg4 32. Qd2 Ne5 33. Rxe5 Rxe5
34. Bf2 Qh5 35. Qxf4 Bh3 36. Qg3 0-1

[Event "4.Nord-West-Cup"]
[Site "?"]
[Date "2002.??.??"]
[Round "2"]
[White "Mengler, Marc"]
[Black "Kohlmann, Christian"]
[Result "0-1"]
[WhiteElo "1768"]
[BlackElo "1386"]
[PlyCount "80"]

1. e4 e5 2. Nf3 Nf6 3. d4 Nxe4 4. Bd3 d5 5. Nxe5 Bd6 6. O-O O-O 7. Nc3 Nxc3 8.
bxc3 Nd7 9. f4 c5 10. Kh1 c4 11. Be2 Nf6 12. Bf3 Bf5 13. g4 Be4 14. g5 Bxf3+
15. Rxf3 Ne4 16. Qe1 f6 17. Nxc4 fxg5 18. Nxd6 Qxd6 19. f5 Qd7 20. Qf1 Rac8 21.
Bb2 Nd2 22. Qd3 Nxf3 23. Qxf3 Qxf5 24. Qg3 Qf3+ 25. Qxf3 Rxf3 26. Kg2 Rf5 27.
Re1 Kf7 28. Re3 Re8 29. Rxe8 Kxe8 30. Ba3 Kf7 31. Bd6 h5 32. h3 g4 33. hxg4 Rg5
34. Kf3 Rxg4 35. Bb8 a6 36. Be5 Re4 37. c4 Rxe5 38. dxe5 dxc4 39. Ke4 Ke6 40.
Kf4 h4 0-1

[Event "4.Nord-West-Cup"]
[Site "?"]
[Date "2002.??.??"]
[Round "2"]
[White "Otte, Klaus"]
[Black "Campe, Uwe"]
[Result "1/2-1/2"]
[WhiteElo "1345"]
[BlackElo "1766"]
[PlyCount "48"]

1. d4 d5 2. Nf3 e6 3. c4 c5 4. e3 Nc6 5. cxd5 exd5 6. Nc3 Nf6 7. Bd3 Be7 8. O-O
O-O 9. h3 h6 10. Re1 Be6 11. Ne5 Rc8 12. Qa4 Qb6 13. Qb5 Qxb5 14. Nxb5 c4 15.
Bc2 a6 16. Nc3 Nb4 17. Bb1 Bd6 18. Bd2 Nc6 19. f4 Bb4 20. a3 Bd6 21. Bc2 Ne7
22. g4 Rb8 23. Kf2 b5 24. b4 Bxe5 1/2-1/2

[Event "4.Nord-West-Cup"]
[Site "?"]
[Date "2002.??.??"]
[Round "2"]
[White "Boer, Alef"]
[Black "Christophers, Reinhard"]
[Result "1-0"]
[WhiteElo "2190"]
[BlackElo "1603"]
[PlyCount "85"]

1. e4 Nf6 2. e5 Nd5 3. d4 d6 4. c4 Nb6 5. exd6 cxd6 6. Nc3 g6 7. Be3 Bg7 8. Rc1
O-O 9. b3 Nc6 10. d5 Ne5 11. Be2 f5 12. f4 Ng4 13. Bxg4 fxg4 14. Nge2 e5 15.
dxe6 Bxe6 16. O-O Qe7 17. Bd4 Rae8 18. Bxg7 Kxg7 19. Qd4+ Kg8 20. Rcd1 Bc8 21.
Qxd6 Qe3+ 22. Kh1 Bf5 23. Qd2 Qe6 24. Nd4 Qe3 25. Qxe3 Rxe3 26. Ncb5 Bd3 27.
Rf2 a6 28. Nd6 Rd8 29. Rfd2 Be4 30. Nxe4 Rxe4 31. g3 Nc8 32. f5 Kf7 33. Ne6
Rxd2 34. Rxd2 Re1+ 35. Kg2 gxf5 36. Nd8+ Ke7 37. Nxb7 Re5 38. Kf2 Nb6 39. Re2
Kf6 40. Rxe5 Kxe5 41. Nc5 a5 42. Ke3 a4 43. Nxa4 1-0

[Event "4.Nord-West-Cup"]
[Site "?"]
[Date "2002.??.??"]
[Round "3"]
[White "Bischoff, Klaus"]
[Black "Ljubarskij, Jurij"]
[Result "1-0"]
[WhiteElo "2558"]
[BlackElo "2345"]
[PlyCount "61"]

1. c4 e5 2. Nc3 Bb4 3. Qc2 Nc6 4. e3 d6 5. Nge2 Nge7 6. a3 Bxc3 7. Nxc3 f5 8.
b4 O-O 9. Bb2 Ng6 10. O-O-O Bd7 11. f3 Qg5 12. Nd5 Rac8 13. h4 Nxh4 14. b5 Na5
15. f4 Qd8 16. fxe5 c6 17. bxc6 bxc6 18. Nf4 dxe5 19. Bxe5 Qe7 20. Qc3 Nb7 21.
c5 Rfe8 22. Bc4+ Kf8 23. Bd6 Nxd6 24. cxd6 Qxd6 25. Rxh4 h6 26. Qd4 Qxa3+ 27.
Kc2 Re4 28. Ng6+ Ke8 29. Rxe4+ fxe4 30. Ra1 c5 31. Qe5+ 1-0

[Event "4.Nord-West-Cup"]
[Site "?"]
[Date "2002.??.??"]
[Round "3"]
[White "Podzielny, Karl-Heinz"]
[Black "Markl, Martin"]
[Result "1-0"]
[WhiteElo "2501"]
[BlackElo "2299"]
[PlyCount "47"]

1. d4 d5 2. c4 dxc4 3. Nc3 Nf6 4. Nf3 e6 5. e3 c5 6. Bxc4 a6 7. O-O b5 8. Bb3
Bb7 9. Qe2 Be7 10. Rd1 O-O 11. e4 cxd4 12. Nxd4 Qc7 13. Bg5 b4 14. e5 bxc3 15.
exf6 Bxf6 16. Bxf6 gxf6 17. Rac1 Qf4 18. Rxc3 e5 19. Rg3+ Kh8 20. Rg4 Qxg4 21.
Qxg4 Rg8 22. Qf5 Bxg2 23. Qxf6+ Rg7 24. Nf5 1-0

[Event "4.Nord-West-Cup"]
[Site "?"]
[Date "2002.??.??"]
[Round "3"]
[White "Grecescu, Gabriel"]
[Black "Fish, Gennadij"]
[Result "1/2-1/2"]
[WhiteElo "2272"]
[BlackElo "2499"]
[PlyCount "48"]

1. e4 c5 2. Nf3 e6 3. c4 d6 4. d4 cxd4 5. Nxd4 Nf6 6. Nc3 Be7 7. Be2 a6 8. O-O
Qc7 9. Be3 O-O 10. Qd2 b6 11. Rfd1 Bb7 12. f3 Nbd7 13. Bf1 Rac8 14. Rac1 Rfe8
15. Qf2 Qb8 16. a3 Bd8 17. Rc2 Bc7 18. g3 Ne5 19. Be2 Qa8 20. Rdc1 Bd8 21. b3
Kh8 22. Na4 Ned7 23. b4 Qb8 24. Nb2 Ne5 1/2-1/2

[Event "4.Nord-West-Cup"]
[Site "?"]
[Date "2002.??.??"]
[Round "3"]
[White "Gutman, Lev"]
[Black "Weber, Siegfried"]
[Result "1-0"]
[WhiteElo "2488"]
[BlackElo "2246"]
[PlyCount "107"]

1. Nf3 Nc6 2. d4 d5 3. Qd3 Bg4 4. Ne5 Nxe5 5. dxe5 Qd7 6. Nc3 O-O-O 7. Qd4 b6
8. e6 Bxe6 9. Bf4 c5 10. Qe5 Kb7 11. e4 f6 12. Qh5 d4 13. Be2 dxc3 14. O-O cxb2
15. Rab1 g6 16. Qf3 Bg4 17. Qxg4 Qxg4 18. Bxg4 Bh6 19. Bxh6 Nxh6 20. Be6 Rd2
21. Rxb2 Rhd8 22. Rb3 Kc7 23. Rh3 Kd6 24. Bb3 Ng4 25. Rxh7 g5 26. h4 gxh4 27.
Rxh4 Ne5 28. f4 Nc6 29. c3 b5 30. Bf7 c4 31. a4 a6 32. axb5 axb5 33. Rh5 Rb8
34. Rc1 e6 35. f5 exf5 36. Rxf5 Ke7 37. Bd5 Ne5 38. Ra1 Ng4 39. Rf4 Ne3 40.
Ra7+ Kd6 41. Rxf6+ Ke5 42. Re6+ Kf4 43. Rf7+ Kg5 44. Rg7+ Kf4 45. Bc6 Rd1+ 46.
Kf2 Rd2+ 47. Ke1 Rxg2 48. Rf7+ Kg5 49. Re5+ Kg6 50. Rf3 Rh8 51. Be8+ Kg7 52.
Re7+ Kg8 53. Bf7+ Kg7 54. Bh5+ 1-0

[Event "4.Nord-West-Cup"]
[Site "?"]
[Date "2002.??.??"]
[Round "3"]
[White "Lingnau, Carsten"]
[Black "Schuette, Marc"]
[Result "1-0"]
[WhiteElo "2436"]
[BlackElo "2210"]
[PlyCount "101"]

1. d4 d5 2. c4 c6 3. Nc3 Nf6 4. e3 e6 5. Nf3 Nbd7 6. Qc2 Bd6 7. Bd3 Qe7 8. O-O
O-O 9. c5 Bc7 10. e4 dxe4 11. Nxe4 Nxe4 12. Bxe4 h6 13. Re1 Nf6 14. Bd3 Rd8 15.
Bd2 a5 16. Rad1 Bd7 17. Qc1 Nd5 18. Bb1 Be8 19. Re4 f5 20. Ree1 Qf6 21. Ne5 Ne7
22. Bc3 Bh5 23. f3 f4 24. Re2 Nd5 25. Bd2 Re8 26. a3 Re7 27. Qc2 g5 28. Rde1
Bxe5 29. Rxe5 Be8 30. Qd3 Bd7 31. Ba2 Rg7 32. R1e2 Nc7 33. Be1 Re7 34. g3 a4
35. Rg2 fxg3 36. hxg3 Rf8 37. Rf2 Nd5 38. Bd2 g4 39. f4 Be8 40. Bb1 Kh8 41. Bc2
Rg7 42. Rh2 Ne7 43. Reh5 Nf5 44. Bc3 Qe7 45. Qe4 Kg8 46. Qe5 Nxg3 47. Rxh6 Nf5
48. Rh8+ Kf7 49. Bxf5 exf5 50. Qxg7+ Kxg7 51. R8h7+ 1-0

[Event "4.Nord-West-Cup"]
[Site "?"]
[Date "2002.??.??"]
[Round "3"]
[White "Gudat, Alfons"]
[Black "Jugelt, Tobias"]
[Result "0-1"]
[WhiteElo "2032"]
[BlackElo "2433"]
[PlyCount "66"]

1. Nf3 d5 2. d4 Nf6 3. c4 c6 4. Nc3 e6 5. e3 Nbd7 6. Qc2 Be7 7. b3 O-O 8. Be2
b6 9. O-O Bb7 10. Bb2 Rc8 11. Rac1 dxc4 12. bxc4 c5 13. Rfd1 cxd4 14. exd4 Bxf3
15. gxf3 Bd6 16. Kh1 Nh5 17. Rg1 f5 18. Nb5 Bb8 19. Ba3 Rf6 20. Nd6 Rc6 21. c5
bxc5 22. dxc5 Bxd6 23. Qa4 Rxc5 24. Bxc5 Nxc5 25. Qxa7 Rf7 26. Qa3 Qh4 27. Rg2
Qd4 28. Rc4 Qd2 29. Qe3 Qxa2 30. Bf1 Qa7 31. Rh4 Nf6 32. Qd2 Qe7 33. Rd4 Nb3
0-1

[Event "4.Nord-West-Cup"]
[Site "?"]
[Date "2002.??.??"]
[Round "3"]
[White "Petrosjan, Suren"]
[Black "Zschischang, Gunnar"]
[Result "1-0"]
[WhiteElo "2388"]
[BlackElo "2208"]
[PlyCount "49"]

1. e4 c5 2. Nc3 Nc6 3. Nf3 e5 4. Bc4 Be7 5. d3 Nf6 6. Ng5 O-O 7. f4 exf4 8.
Bxf4 d5 9. exd5 Nb4 10. O-O Bg4 11. Qd2 Nbxd5 12. Be5 Bh5 13. Rae1 Nxc3 14.
Qxc3 b5 15. Bb3 Ng4 16. Ne6 b4 17. Nxd8 bxc3 18. Nc6 Bg5 19. h3 Be3+ 20. Kh1
Nxe5 21. Ne7+ Kh8 22. Rxe3 f6 23. bxc3 Rfd8 24. g4 Be8 25. Rxe5 1-0

[Event "4.Nord-West-Cup"]
[Site "?"]
[Date "2002.??.??"]
[Round "3"]
[White "Korba, Roman"]
[Black "Hedke, Fred"]
[Result "1/2-1/2"]
[WhiteElo "2061"]
[BlackElo "2370"]
[PlyCount "44"]

1. c4 e6 2. Nf3 Nf6 3. b3 d5 4. Bb2 g6 5. e3 Bg7 6. d4 O-O 7. Nbd2 Nbd7 8. Rc1
b6 9. Be2 Bb7 10. O-O Rc8 11. h3 Ne4 12. Nxe4 dxe4 13. Ne5 Nxe5 14. dxe5 Qg5
15. Qd4 Rcd8 16. Qc3 Rd7 17. Rcd1 Rfd8 18. Rxd7 Rxd7 19. Rd1 Rxd1+ 20. Bxd1 c5
21. g3 h5 22. a3 a5 1/2-1/2

[Event "4.Nord-West-Cup"]
[Site "?"]
[Date "2002.??.??"]
[Round "3"]
[White "Ionescu, Doru Alexandru"]
[Black "Brandes, Stephan"]
[Result "1-0"]
[WhiteElo "2369"]
[BlackElo "2068"]
[PlyCount "89"]

1. e4 c5 2. d3 b6 3. g3 Bb7 4. Bg2 e6 5. Nf3 d6 6. O-O Nd7 7. c3 Ngf6 8. Nbd2
Be7 9. Re1 O-O 10. a4 a6 11. Qb3 Qc7 12. Nc4 Rfd8 13. Bf4 e5 14. Bg5 d5 15.
Ncxe5 Nxe5 16. Nxe5 Qxe5 17. Bf4 Qh5 18. Qxb6 Rd7 19. e5 Bd8 20. Qxc5 Ng4 21.
h3 Nh6 22. g4 Qg6 23. d4 Be7 24. Qa5 Rc8 25. Rac1 Rc4 26. b3 Bd8 27. Qxd8+ Rxd8
28. bxc4 Nxg4 29. hxg4 Qxg4 30. Bg3 h5 31. Rb1 Ba8 32. e6 fxe6 33. Kh2 dxc4 34.
Bh3 Qg5 35. Re5 Qg6 36. Bxe6+ Kh8 37. Rg1 Rf8 38. d5 h4 39. Bf4 Qh7 40. Be3 Bb7
41. Rgg5 g6 42. Bd4 Qc7 43. Rxg6 Rxf2+ 44. Kg1 Kh7 45. Rg4 1-0

[Event "4.Nord-West-Cup"]
[Site "?"]
[Date "2002.??.??"]
[Round "3"]
[White "Fischbach, Harald"]
[Black "Vasiljevic, Dragan"]
[Result "0-1"]
[WhiteElo "2199"]
[BlackElo "2351"]
[PlyCount "102"]

1. e4 d6 2. d4 g6 3. Nc3 Bg7 4. Bc4 c6 5. Qf3 e6 6. Nge2 b5 7. Bb3 a6 8. a4 b4
9. Nd1 a5 10. Be3 Ba6 11. h4 h5 12. Nf4 d5 13. e5 Ne7 14. g4 hxg4 15. Qxg4 Bh6
16. Ne2 Nf5 17. Bxh6 Rxh6 18. Ne3 Nd7 19. Nxf5 exf5 20. Qf3 Nf8 21. O-O-O Ne6
22. Kb1 Qb6 23. c3 bxc3 24. Qxc3 Rb8 25. Bc2 Kd7 26. Ka1 Qb4 27. Rh3 Bxe2 28.
Rd2 Bf1 29. Rh2 Qxc3 30. bxc3 Bg2 31. Rxg2 Rxh4 32. Rg1 Rh2 33. Ka2 Kc7 34. Bb3
Rh3 35. Rc1 Ng5 36. Bd1 Ne4 37. Rdc2 Rh2 38. Bf3 Ng5 39. Bd1 Ne6 40. Rd2 Kd7
41. c4 Rb4 42. cxd5 cxd5 43. Bb3 Rxd4 44. Rcd1 Rxd2+ 45. Rxd2 d4 46. Bc4 Ke7
47. Rb2 g5 48. Rb7+ Kf8 49. Bxe6 Rxf2+ 50. Kb3 fxe6 51. Kc4 g4 0-1

[Event "4.Nord-West-Cup"]
[Site "?"]
[Date "2002.??.??"]
[Round "3"]
[White "Lichman, Peter"]
[Black "Voloshin, Leonid"]
[Result "1/2-1/2"]
[WhiteElo "2091"]
[BlackElo "2437"]
[PlyCount "59"]

1. e4 c5 2. Nf3 e6 3. d4 cxd4 4. Nxd4 a6 5. Nc3 Qc7 6. Bd3 Nc6 7. Be3 Nf6 8.
O-O Be7 9. Qe2 d6 10. f4 Nxd4 11. Bxd4 e5 12. Be3 O-O 13. f5 b5 14. g4 b4 15.
Nd5 Nxd5 16. exd5 e4 17. Bxe4 Bf6 18. g5 Bxb2 19. Rab1 Qe7 20. Qg2 Re8 21. Rf4
Bxf5 22. Rxf5 Qxe4 23. Qxe4 Rxe4 24. Rxb2 Rxe3 25. Rxb4 Re7 26. Rb6 Rd7 27. Rf4
a5 28. Rc4 Kf8 29. Rcc6 Ke7 30. a4 1/2-1/2

[Event "4.Nord-West-Cup"]
[Site "?"]
[Date "2002.??.??"]
[Round "3"]
[White "Meins, Gerlef"]
[Black "Busch, Christian"]
[Result "1-0"]
[WhiteElo "2393"]
[BlackElo "2112"]
[PlyCount "68"]

1. d4 Nf6 2. c4 e6 3. g3 d5 4. Bg2 c6 5. Nf3 Bb4+ 6. Bd2 Be7 7. Qc2 Ne4 8. O-O
O-O 9. Nc3 f5 10. e3 Nd7 11. Rfc1 Ndf6 12. Be1 Bd7 13. Ne5 Bd6 14. Nd3 Qe7 15.
Ne2 Be8 16. a3 Rc8 17. Bb4 dxc4 18. Qxc4 Bf7 19. Bxd6 Qxd6 20. Qa4 Qb8 21. Nc3
Nxc3 22. Rxc3 Rfd8 23. Rac1 Nd7 24. b4 a6 25. Qc2 Bg6 26. a4 Nb6 27. Ne5 Bf7
28. Rc5 Nd7 29. Nxd7 Rxd7 30. b5 axb5 31. axb5 Qd6 32. bxc6 bxc6 33. Bxc6 Re7
34. Bf3 h6 1-0

[Event "4.Nord-West-Cup"]
[Site "?"]
[Date "2002.??.??"]
[Round "3"]
[White "Mandelbaum, Peter"]
[Black "Sarakauskas, Gediminas"]
[Result "0-1"]
[WhiteElo "2101"]
[BlackElo "2392"]
[PlyCount "92"]

1. e4 g6 2. d4 c6 3. Nc3 d5 4. e5 h5 5. f4 Nh6 6. Nf3 Bg4 7. Bd3 e6 8. O-O c5
9. b3 Nc6 10. Bb5 Nf5 11. Ne2 Rc8 12. Qd3 cxd4 13. Nexd4 Bc5 14. c3 O-O 15.
Bxc6 Rxc6 16. Bb2 Bxf3 17. Rxf3 Bxd4+ 18. cxd4 Qc7 19. Rff1 Rc2 20. Rac1 Rc8
21. g3 a6 22. Rxc2 Qxc2 23. Qxc2 Rxc2 24. Rf2 Rc6 25. Re2 Kf8 26. Kf2 Ke8 27.
Ke1 Kd7 28. Kd2 Kc7 29. Kd3 Kb6 30. Rg2 Kb5 31. Bc3 Rc8 32. Rc2 Ne7 33. h3 a5
34. a4+ Ka6 35. Rh2 b5 36. Ra2 b4 37. Bd2 Nf5 38. g4 hxg4 39. hxg4 Nh6 40. g5
Nf5 41. Be1 Rh8 42. Bf2 Rh3+ 43. Ke2 Rxb3 44. Rc2 Ra3 45. Rc7 Rxa4 46. Rxf7
Ra2+ 0-1

[Event "4.Nord-West-Cup"]
[Site "?"]
[Date "2002.??.??"]
[Round "3"]
[White "Kozlova, Olga"]
[Black "Ostermeier, Ralf"]
[Result "1-0"]
[WhiteElo "2259"]
[BlackElo "2131"]
[PlyCount "53"]

1. e4 c6 2. d4 d5 3. Nd2 dxe4 4. Nxe4 Bf5 5. Ng3 Bg6 6. Nf3 Nf6 7. Ne5 Nbd7 8.
Nxg6 hxg6 9. Qf3 e6 10. Bf4 Nd5 11. O-O-O Nxf4 12. Qxf4 Nf6 13. Bc4 Bd6 14. Qf3
Qc7 15. Ne2 O-O-O 16. h4 Rh5 17. g4 Rh7 18. Rh3 Rdh8 19. Rdh1 Nd5 20. Kb1 Qe7
21. g5 Bb8 22. Qg4 Bd6 23. Bb3 Qd7 24. Rf3 Rf8 25. c4 Ne7 26. c5 Bc7 27. Bxe6
1-0

[Event "4.Nord-West-Cup"]
[Site "?"]
[Date "2002.??.??"]
[Round "3"]
[White "Zotin, Vladimir"]
[Black "You, Long"]
[Result "1/2-1/2"]
[WhiteElo "1797"]
[BlackElo "2207"]
[PlyCount "88"]

1. e4 c5 2. Nf3 d6 3. c3 Nf6 4. Bb5+ Bd7 5. Bxd7+ Nbxd7 6. Qe2 e6 7. O-O Be7 8.
d4 O-O 9. Nbd2 Qc7 10. Re1 Rfd8 11. Nf1 a6 12. Bg5 b5 13. e5 Nd5 14. Bxe7 Nxe7
15. exd6 Qxd6 16. dxc5 Nxc5 17. Rad1 Qb6 18. Ne3 Ng6 19. g3 Qb7 20. Ng4 Rd5 21.
Rxd5 Qxd5 22. b3 Rd8 23. Nd4 e5 24. Ne3 Qe4 25. f3 Qd3 26. Nc6 Rd6 27. Qxd3
Rxd3 28. c4 f6 29. cxb5 axb5 30. Nb4 Rd4 31. Nbd5 e4 32. Rc1 Ne6 33. fxe4 Rxe4
34. Rc6 Kf7 35. Rb6 Nd4 36. Kf2 Ne5 37. Rb7+ Kg6 38. Nf4+ Kh6 39. Rb6 Nec6 40.
Nf5+ Kg5 41. Nxd4 Nxd4 42. Rd6 Kh6 43. h4 Nf5 44. Rd5 Re5 1/2-1/2